000 01449cam a22003254a 4500
001 11949623
005 20160726161800.0
008 000322s2000 njub | 001 0 eng d
010 _a 00036692
020 _a9780691092782
020 _a0691092788
040 _aDLC
_cDLC
_dDLC
042 _apcc
050 0 0 _aKZ6310
_b.B37 2000
082 0 0 _221
_a341.69
_bBAS
100 1 _aBass, Gary Jonathan,
_d1969-
_913940
245 1 0 _aStay the Hand of Vengeance :
_bThe Politics of War Crimes Tribunals /
_cGary Jonathan Bass.
260 _aPrinceton, N.J. :
_bPrinceton University Press,
_cc2000.
300 _a424 p. :
_b1 map ;
_c24 cm.
490 0 _aPrinceton studies in international history and politics
_913944
504 _aIncludes bibliographical references and index.
650 0 _aWar crime trials.
_913942
650 0 _aLaw
_xPolitical aspects.
_913943
650 0 _913941
_aInternational criminal courts
856 4 1 _3Sample text
_uhttp://www.loc.gov/catdir/samples/prin031/00036692.html
856 4 1 _3Table of contents
_uhttp://www.loc.gov/catdir/toc/prin031/00036692.html
856 4 2 _3Publisher description
_uhttp://www.loc.gov/catdir/description/prin022/00036692.html
942 _2ddc
_cBB
999 _c13979
_d13979